[Event "397 Stay Safe Play From Home series"]
[Site "Emanuel Lasker Arena"]
[Date "2020.08.20"]
[Round "1"]
[White "IceQueen"]
[Black "Yuriko"]
[Result "1-0"]
[WhiteElo "2373"]
[BlackElo "1996"]
[PlyCount "35"]
[EventDate "2020.08.20"]
[EventType "swiss (blitz)"]

1. e4 {[%emt 0:00:01]} c5 {[%emt 0:00:02]} 2. Nc3 {[%emt 0:00:00]} e6 {[%emt 0:00:01]} 3. Nf3 {[%emt 0:00:00]} a6 {[%emt 0:00:00]} 4. d4 {[%emt 0:00:00]} Nc6 {[%emt 0:00:00]} 5. d5 {[%emt 0:00:01]} exd5 {[%emt 0:00:00]} 6. exd5 {[%emt 0:00:00]} Nb8 {[%emt 0:00:00]} 7. d6 {[%emt 0:00:00]} Qb6 {[%emt 0:00:06]} 8. Nd5 {[%emt 0:00:01]} Qxd6 {[%emt 0:00:02]} 9. Bf4 {[%emt 0:00:01]} Qe6+ {[%emt 0:00:02]} 10. Be2 {[%emt 0:00:01]} Bd6 {[%emt 0:00:05]} 11. O-O {[%emt 0:00:11]} Ne7 {[%emt 0:00:02]} 12. Ng5 {[%emt 0:00:06]} Qg6 {[%emt 0:00:05]} 13. Bh5 {[%emt 0:00:04]} Qh6 {[%emt 0:00:03]} 14. Nxf7 {[%emt 0:00:03]} Qe6 {[%emt 0:00:07]} 15. Nxd6+ {[%emt 0:00:03]} Kf8 {[%emt 0:00:01]} 16. Nxe7 {[%emt 0:00:04]} Qxe7 {[%emt 0:00:01]} 17. Re1 {[%emt 0:00:01]} Qf6 {[%emt 0:00:03]} 18. Re8# {[%emt 0:00:00] (Lag: Av=0.48s, max=0.9s) (Lag: Av=0.48s, max=0.9s) (Lag: Av=0.48s, max=0.9s)} 1-0

[Event "397 Stay Safe Play From Home series"]
[Site "Emanuel Lasker Arena"]
[Date "2020.08.20"]
[Round "1"]
[White "Hickey"]
[Black "Haris kollari 13"]
[Result "1-0"]
[WhiteElo "2221"]
[BlackElo "1724"]
[Annotator "NA"]
[PlyCount "51"]
[EventDate "2020.08.20"]
[EventType "swiss (blitz)"]

1. Nf3 {[%emt 0:00:01]} e6 {[%emt 0:00:00]} 2. g3 {[%emt 0:00:00]} d5 {[%emt 0:00:00]} 3. Bg2 {[%emt 0:00:00]} c5 {[%emt 0:00:01]} 4. O-O {[%emt 0:00:00]} f5 {[%emt 0:00:01]} 5. b3 {[%emt 0:00:01]} Be7 {[%emt 0:00:01]} 6. Bb2 {[%emt 0:00:00]} Bf6 {[%emt 0:00:01]} 7. d4 {[%emt 0:00:01]} cxd4 {[%emt 0:00:02]} 8. Bxd4 {[%emt 0:00:00]} Nc6 {[%emt 0:00:01]} 9. c3 {[%emt 0:00:03]} Nxd4 {[%emt 0:00:02]} 10. cxd4 {[%emt 0:00:00]} Ne7 {[%emt 0:00:01]} 11. Nc3 {[%emt 0:00:01]} Bd7 {[%emt 0:00:01]} 12. Rc1 {[%emt 0:00:01]} a6 {[%emt 0:00:01]} 13. Qd3 {[%emt 0:00:00]} Rc8 {[%emt 0:00:01]} 14. Na4 {[%emt 0:00:01]} Bb5 {[%emt 0:00:02]} 15. Qd2 {[%emt 0:00:02]} O-O {[%emt 0:00:06]} 16. Nc5 {[%emt 0:00:02]} Qb6 {[%emt 0:00:07]} 17. Rc2 {[%emt 0:00:04]} Ng6 {[%emt 0:00:06]} 18. Rfc1 {[%emt 0:00:01]} Rc6 {[%emt 0:00:01]} 19. h4 {[%emt 0:00:02]} Rfc8 {[%emt 0:00:02]} 20. a4 {[%emt 0:00:02]} Qc7 {[%emt 0:00:12]} 21. axb5 {[%emt 0:00:02]} axb5 {[%emt 0:00:01]} 22. Ne1 {[%emt 0:00:10]} Bxd4 {[%emt 0:00:05]} 23. Qxd4 {[%emt 0:00:03]} b6 {[%emt 0:00:00]} 24. Nxe6 {[%emt 0:00:01]} Rxc2 {[%emt 0:00:02]} 25. Rxc2 {[%emt 0:00:03]} Qd7 {[%emt 0:00:02]} 26. Rxc8+ {[%emt 0:00:01] Time Time Time (Lag: Av=0.65s, max=1.1s) (Lag: Av=0.65s, max=1.1s) (Lag: Av=0.65s, max=1.1s)} 1-0

[Event "397 Stay Safe Play From Home series"]
[Site "Emanuel Lasker Arena"]
[Date "2020.08.20"]
[Round "1"]
[White "Fischer_11"]
[Black "Mepe_Nika"]
[Result "0-1"]
[WhiteElo "2049"]
[BlackElo "2338"]
[Annotator "NA"]
[PlyCount "70"]
[EventDate "2020.08.20"]
[EventType "swiss (blitz)"]

1. e4 {[%emt 0:00:01]} c6 {[%emt 0:00:00]} 2. d4 {[%emt 0:00:01]} d5 {[%emt 0:00:00]} 3. exd5 {[%emt 0:00:00]} cxd5 {[%emt 0:00:01]} 4. c4 {[%emt 0:00:00]} Nf6 {[%emt 0:00:01]} 5. Nc3 {[%emt 0:00:00]} g6 {[%emt 0:00:00]} 6. Bg5 {[%emt 0:00:00]} Bg7 {[%emt 0:00:00]} 7. c5 {[%emt 0:00:00]} O-O {[%emt 0:00:01]} 8. Bb5 {[%emt 0:00:01]} a6 {[%emt 0:00:02]} 9. Ba4 {[%emt 0:00:01]} b5 {[%emt 0:00:02]} 10. Bc2 {[%emt 0:00:02]} Nc6 {[%emt 0:00:01]} 11. a3 {[%emt 0:00:02]} e5 {[%emt 0:00:02]} 12. dxe5 {[%emt 0:00:01]} Re8 {[%emt 0:00:01]} 13. f4 {[%emt 0:00:02]} h6 {[%emt 0:00:01]} 14. Bxf6 {[%emt 0:00:05]} Bxf6 {[%emt 0:00:02]} 15. Nf3 {[%emt 0:00:00]} Bg7 {[%emt 0:00:12]} 16. Qxd5 {[%emt 0:00:07]} Bb7 {[%emt 0:00:03]} 17. Qxd8 {[%emt 0:00:02]} Raxd8 {[%emt 0:00:00]} 18. b4 {[%emt 0:00:02]} f6 {[%emt 0:00:01]} 19. Bb3+ {[%emt 0:00:06]} Kh7 {[%emt 0:00:01]} 20. e6 {[%emt 0:00:01]} Nd4 {[%emt 0:00:02]} 21. Nxd4 {[%emt 0:00:05]} Rxd4 {[%emt 0:00:00]} 22. O-O {[%emt 0:00:03]} f5 {[%emt 0:00:00]} 23. Rad1 {[%emt 0:00:03]} Rxd1 {[%emt 0:00:02]} 24. Nxd1 {[%emt 0:00:00]} Bd4+ {[%emt 0:00:01]} 25. Kh1 {[%emt 0:00:01]} Kg7 {[%emt 0:00:00]} 26. Re1 {[%emt 0:00:01]} Kf6 {[%emt 0:00:01]} 27. Ne3 {[%emt 0:00:01]} Bb2 {[%emt 0:00:01]} 28. h3 {[%emt 0:00:04]} Bxa3 {[%emt 0:00:01]} 29. Nc2 {[%emt 0:00:00]} Bb2 {[%emt 0:00:01]} 30. Rb1 {[%emt 0:00:01]} Bc3 {[%emt 0:00:01]} 31. Kh2 {[%emt 0:00:00]} g5 {[%emt 0:00:01]} 32. fxg5+ {[%emt 0:00:02]} hxg5 {[%emt 0:00:00]} 33. Rc1 {[%emt 0:00:01]} Be5+ {[%emt 0:00:01]} 34. g3 {[%emt 0:00:01]} Rd8 {[%emt 0:00:00]} 35. Ne3 {[%emt 0:00:01]} Rd2+ {[%emt 0:00:01] Zeit Zeit Zeit (Lag: Av=0.37s, max=0.5s) (Lag: Av=0.37s, max=0.5s) (Lag: Av=0.37s, max=0.5s)} 0-1

[Event "397 Stay Safe Play From Home series"]
[Site "Emanuel Lasker Arena"]
[Date "2020.08.20"]
[Round "1"]
[White "Padmaesh M K"]
[Black "Jhhonnyy"]
[Result "0-1"]
[WhiteElo "1906"]
[BlackElo "2339"]
[PlyCount "98"]
[EventDate "2020.08.20"]
[EventType "swiss (blitz)"]

1. e4 {[%emt 0:00:01]} c5 {[%emt 0:00:01]} 2. Nf3 {[%emt 0:00:01]} e6 {[%emt 0:00:00]} 3. Bb5 {[%emt 0:00:01]} a6 {[%emt 0:00:01]} 4. Be2 {[%emt 0:00:01]} b5 {[%emt 0:00:00]} 5. c3 {[%emt 0:00:00]} Bb7 {[%emt 0:00:00]} 6. d4 {[%emt 0:00:00]} Nf6 {[%emt 0:00:00]} 7. e5 {[%emt 0:00:01]} Nd5 {[%emt 0:00:00]} 8. O-O {[%emt 0:00:01]} cxd4 {[%emt 0:00:01]} 9. cxd4 {[%emt 0:00:01]} Be7 {[%emt 0:00:00]} 10. Nc3 {[%emt 0:00:01]} O-O {[%emt 0:00:01]} 11. Qc2 {[%emt 0:00:01]} d6 {[%emt 0:00:01]} 12. Bd3 {[%emt 0:00:01]} g6 {[%emt 0:00:02]} 13. Bh6 {[%emt 0:00:02]} Re8 {[%emt 0:00:00]} 14. Qd2 {[%emt 0:00:02]} dxe5 {[%emt 0:00:03]} 15. dxe5 {[%emt 0:00:01]} Nc6 {[%emt 0:00:01]} 16. Ne4 {[%emt 0:00:02]} Ndb4 {[%emt 0:00:03]} 17. Rad1 {[%emt 0:00:07]} Nxd3 {[%emt 0:00:01]} 18. Qxd3 {[%emt 0:00:00]} Qxd3 {[%emt 0:00:01]} 19. Rxd3 {[%emt 0:00:01]} Rad8 {[%emt 0:00:02]} 20. Rxd8 {[%emt 0:00:06]} Rxd8 {[%emt 0:00:00]} 21. Bg5 {[%emt 0:00:01]} Bxg5 {[%emt 0:00:01]} 22. Nfxg5 {[%emt 0:00:01]} Nxe5 {[%emt 0:00:01]} 23. Nf6+ {[%emt 0:00:01]} Kg7 {[%emt 0:00:01]} 24. Nfe4 {[%emt 0:00:01]} h6 {[%emt 0:00:01]} 25. Nc5 {[%emt 0:00:03]} Bd5 {[%emt 0:00:01]} 26. Nge4 {[%emt 0:00:04]} Bxa2 {[%emt 0:00:02]} 27. Ra1 {[%emt 0:00:02]} Bd5 {[%emt 0:00:02]} 28. g3 {[%emt 0:00:01]} Bxe4 {[%emt 0:00:05]} 29. Nxe4 {[%emt 0:00:01]} Nc4 {[%emt 0:00:00]} 30. Rxa6 {[%emt 0:00:02]} Nxb2 {[%emt 0:00:01]} 31. Rb6 {[%emt 0:00:00]} Rd5 {[%emt 0:00:01]} 32. Nc3 {[%emt 0:00:01]} Rc5 {[%emt 0:00:02]} 33. Rxb5 {[%emt 0:00:00]} Rxc3 {[%emt 0:00:01]} 34. Rxb2 {[%emt 0:00:01]} Rc5 {[%emt 0:00:00]} 35. Kg2 {[%emt 0:00:01]} Rd5 {[%emt 0:00:00]} 36. Rb6 {[%emt 0:00:01]} h5 {[%emt 0:00:00]} 37. Rb8 {[%emt 0:00:00]} Kf6 {[%emt 0:00:00]} 38. Rb7 {[%emt 0:00:00]} g5 {[%emt 0:00:00]} 39. Rb4 {[%emt 0:00:00]} h4 {[%emt 0:00:00]} 40. Rb3 {[%emt 0:00:00]} hxg3 {[%emt 0:00:01]} 41. Rxg3 {[%emt 0:00:00]} Rf5 {[%emt 0:00:02]} 42. Rf3 {[%emt 0:00:00]} Rxf3 {[%emt 0:00:01]} 43. Kxf3 {[%emt 0:00:00]} Kg6 {[%emt 0:00:00]} 44. Kg3 {[%emt 0:00:00]} f5 {[%emt 0:00:00]} 45. f3 {[%emt 0:00:00]} f4+ {[%emt 0:00:04]} 46. Kg4 {[%emt 0:00:02]} e5 {[%emt 0:00:00]} 47. h3 {[%emt 0:00:00]} Kf6 {[%emt 0:00:01]} 48. h4 {[%emt 0:00:00]} gxh4 {[%emt 0:00:00]} 49. Kxh4 {[%emt 0:00:00]} Kf5 {[%emt 0:00:00] Time Time Time (Lag: Av=0.43s, max=1.0s) (Lag: Av=0.43s, max=1.0s) (Lag: Av=0.43s, max=1.0s)} 0-1

[Event "397 Stay Safe Play From Home series"]
[Site "Emanuel Lasker Arena"]
[Date "2020.08.20"]
[Round "1"]
[White "Mamba2001de"]
[Black "Stefanone"]
[Result "0-1"]
[WhiteElo "1477"]
[BlackElo "1917"]
[Annotator "NA"]
[PlyCount "76"]
[EventDate "2020.08.20"]
[EventType "swiss (blitz)"]

1. e4 {[%emt 0:00:01]} d6 {[%emt 0:00:00]} 2. Nf3 {[%emt 0:00:01]} g6 {[%emt 0:00:00]} 3. d4 {[%emt 0:00:01]} Bg7 {[%emt 0:00:00]} 4. Be3 {[%emt 0:00:01]} Nd7 {[%emt 0:00:00]} 5. Be2 {[%emt 0:00:01]} e5 {[%emt 0:00:00]} 6. d5 {[%emt 0:00:01]} Ngf6 {[%emt 0:00:01]} 7. Nc3 {[%emt 0:00:02]} O-O {[%emt 0:00:00]} 8. O-O {[%emt 0:00:01]} Ne8 {[%emt 0:00:01]} 9. h3 {[%emt 0:00:01]} f5 {[%emt 0:00:01]} 10. exf5 {[%emt 0:00:01]} gxf5 {[%emt 0:00:00]} 11. Bg5 {[%emt 0:00:02]} Nef6 {[%emt 0:00:02]} 12. Qd2 {[%emt 0:00:04]} e4 {[%emt 0:00:01]} 13. Nd4 {[%emt 0:00:02]} Nb6 {[%emt 0:00:01]} 14. Ne6 {[%emt 0:00:01]} Bxe6 {[%emt 0:00:01]} 15. dxe6 {[%emt 0:00:01]} Qe7 {[%emt 0:00:00]} 16. Rad1 {[%emt 0:00:05]} Rad8 {[%emt 0:00:02]} 17. Bxf6 {[%emt 0:00:01]} Bxf6 {[%emt 0:00:01]} 18. Nd5 {[%emt 0:00:02]} Nxd5 {[%emt 0:00:01]} 19. Qxd5 {[%emt 0:00:01]} c6 {[%emt 0:00:00]} 20. Qb3 {[%emt 0:00:02]} d5 {[%emt 0:00:01]} 21. f3 {[%emt 0:00:03]} Rb8 {[%emt 0:00:01]} 22. Kh1 {[%emt 0:00:02]} Qxe6 {[%emt 0:00:01]} 23. fxe4 {[%emt 0:00:02]} fxe4 {[%emt 0:00:01]} 24. Rxf6 {[%emt 0:00:02]} Qxf6 {[%emt 0:00:01]} 25. Bg4 {[%emt 0:00:01]} Rbe8 {[%emt 0:00:02]} 26. Qxb7 {[%emt 0:00:02]} Qg7 {[%emt 0:00:01]} 27. Qxc6 {[%emt 0:00:02]} d4 {[%emt 0:00:02]} 28. Qd5+ {[%emt 0:00:02]} Kh8 {[%emt 0:00:01]} 29. Rg1 {[%emt 0:00:02]} e3 {[%emt 0:00:02]} 30. Re1 {[%emt 0:00:02]} h5 {[%emt 0:00:02]} 31. Bf3 {[%emt 0:00:02]} Rg8 {[%emt 0:00:03]} 32. Re2 {[%emt 0:00:01]} Re5 {[%emt 0:00:02]} 33. Qxd4 {[%emt 0:00:01]} Rg5 {[%emt 0:00:01]} 34. Qh4 {[%emt 0:00:02]} Qxb2 {[%emt 0:00:02]} 35. Kh2 {[%emt 0:00:02]} Qe5+ {[%emt 0:00:01]} 36. Kh1 {[%emt 0:00:01]} Qa1+ {[%emt 0:00:01]} 37. Kh2 {[%emt 0:00:01]} Qe5+ {[%emt 0:00:00]} 38. Kh1 {[%emt 0:00:01]} Qg7 {[%emt 0:00:00]} 0-1

[Event "397 Stay Safe Play From Home series"]
[Site "Emanuel Lasker Arena"]
[Date "2020.08.20"]
[Round "2"]
[White "IceQueen"]
[Black "Hickey"]
[Result "1-0"]
[WhiteElo "2376"]
[BlackElo "2222"]
[PlyCount "55"]
[EventDate "2020.08.20"]
[EventType "swiss (blitz)"]

1. e4 {[%emt 0:00:01]} c6 {[%emt 0:00:01]} 2. Nc3 {[%emt 0:00:00]} d5 {[%emt 0:00:00]} 3. Nf3 {[%emt 0:00:00]} dxe4 {[%emt 0:00:01]} 4. Nxe4 {[%emt 0:00:00]} Nf6 {[%emt 0:00:00]} 5. Nxf6+ {[%emt 0:00:01]} exf6 {[%emt 0:00:00]} 6. d4 {[%emt 0:00:00]} Bd6 {[%emt 0:00:00]} 7. Bd3 {[%emt 0:00:00]} O-O {[%emt 0:00:00]} 8. O-O {[%emt 0:00:01]} Re8 {[%emt 0:00:00]} 9. h3 {[%emt 0:00:00]} Nd7 {[%emt 0:00:02]} 10. c3 {[%emt 0:00:00]} Nf8 {[%emt 0:00:00]} 11. Qc2 {[%emt 0:00:00]} Be6 {[%emt 0:00:01]} 12. Bd2 {[%emt 0:00:01]} Qc7 {[%emt 0:00:00]} 13. Rae1 {[%emt 0:00:02]} Rad8 {[%emt 0:00:01]} 14. c4 {[%emt 0:00:01]} Ng6 {[%emt 0:00:02]} 15. Bf5 {[%emt 0:00:05]} Bf8 {[%emt 0:00:03]} 16. b3 {[%emt 0:00:03]} Qd7 {[%emt 0:00:03]} 17. Bxe6 {[%emt 0:00:02]} Rxe6 {[%emt 0:00:00]} 18. Bc3 {[%emt 0:00:01]} Rde8 {[%emt 0:00:01]} 19. g3 {[%emt 0:00:01]} Bd6 {[%emt 0:00:02]} 20. Kg2 {[%emt 0:00:01]} f5 {[%emt 0:00:02]} 21. Qxf5 {[%emt 0:00:03]} a6 {[%emt 0:00:03]} 22. Qd3 {[%emt 0:00:01]} Rxe1 {[%emt 0:00:02]} 23. Rxe1 {[%emt 0:00:01]} Rxe1 {[%emt 0:00:00]} 24. Bxe1 {[%emt 0:00:01]} Qe6 {[%emt 0:00:01]} 25. Qe3 {[%emt 0:00:01]} Qd7 {[%emt 0:00:04]} 26. Bc3 {[%emt 0:00:01]} h6 {[%emt 0:00:01]} 27. Ne5 {[%emt 0:00:01]} c5 {[%emt 0:00:00]} 28. Nxd7 {[%emt 0:00:01] Hickey resigns Hickey resigns Hickey resigns (Lag: Av=0.58s, max=0.8s) (Lag: Av=0.58s, max=0.8s) (Lag: Av=0.58s, max=0.8s)} 1-0

[Event "397 Stay Safe Play From Home series"]
[Site "Emanuel Lasker Arena"]
[Date "2020.08.20"]
[Round "2"]
[White "Jhhonnyy"]
[Black "Mepe_Nika"]
[Result "0-1"]
[WhiteElo "2341"]
[BlackElo "2343"]
[PlyCount "82"]
[EventDate "2020.08.20"]
[EventType "swiss (blitz)"]

1. d4 {[%emt 0:00:01]} d5 {[%emt 0:00:01]} 2. c4 {[%emt 0:00:00]} c6 {[%emt 0:00:00]} 3. Nf3 {[%emt 0:00:04]} Nf6 {[%emt 0:00:00]} 4. g3 {[%emt 0:00:00]} Bf5 {[%emt 0:00:03]} 5. Bg2 {[%emt 0:00:01]} e6 {[%emt 0:00:00]} 6. O-O {[%emt 0:00:00]} Be7 {[%emt 0:00:01]} 7. Nbd2 {[%emt 0:00:04]} h6 {[%emt 0:00:01]} 8. b3 {[%emt 0:00:00]} O-O {[%emt 0:00:01]} 9. Bb2 {[%emt 0:00:02]} Ne4 {[%emt 0:00:00]} 10. Rc1 {[%emt 0:00:00]} a5 {[%emt 0:00:02]} 11. a3 {[%emt 0:00:04]} Nd7 {[%emt 0:00:01]} 12. Nxe4 {[%emt 0:00:01]} Bxe4 {[%emt 0:00:01]} 13. Nd2 {[%emt 0:00:01]} Bxg2 {[%emt 0:00:01]} 14. Kxg2 {[%emt 0:00:00]} b5 {[%emt 0:00:03]} 15. c5 {[%emt 0:00:01]} a4 {[%emt 0:00:02]} 16. b4 {[%emt 0:00:01]} Bf6 {[%emt 0:00:01]} 17. e4 {[%emt 0:00:01]} dxe4 {[%emt 0:00:02]} 18. Nxe4 {[%emt 0:00:00]} Be7 {[%emt 0:00:00]} 19. Qf3 {[%emt 0:00:01]} Qc7 {[%emt 0:00:01]} 20. Rcd1 {[%emt 0:00:03]} Nf6 {[%emt 0:00:01]} 21. Bc1 {[%emt 0:00:00]} Nd5 {[%emt 0:00:02]} 22. Nc3 {[%emt 0:00:02]} Rad8 {[%emt 0:00:01]} 23. Nxd5 {[%emt 0:00:01]} Rxd5 {[%emt 0:00:00]} 24. Bf4 {[%emt 0:00:00]} Qd7 {[%emt 0:00:00]} 25. Be3 {[%emt 0:00:02]} Bf6 {[%emt 0:00:01]} 26. Qe4 {[%emt 0:00:01]} e5 {[%emt 0:00:02]} 27. dxe5 {[%emt 0:00:03]} Rxd1 {[%emt 0:00:01]} 28. Rxd1 {[%emt 0:00:00]} Qxd1 {[%emt 0:00:01]} 29. exf6 {[%emt 0:00:01]} Qd5 {[%emt 0:00:02]} 30. Qxd5 {[%emt 0:00:01]} cxd5 {[%emt 0:00:00]} 31. fxg7 {[%emt 0:00:00]} Kxg7 {[%emt 0:00:00]} 32. Bd4+ {[%emt 0:00:00]} Kg6 {[%emt 0:00:01]} 33. Kf3 {[%emt 0:00:01]} Kf5 {[%emt 0:00:01]} 34. g4+ {[%emt 0:00:01]} Ke6 {[%emt 0:00:01]} 35. Kf4 {[%emt 0:00:00]} f5 {[%emt 0:00:02]} 36. g5 {[%emt 0:00:00]} hxg5+ {[%emt 0:00:01]} 37. Kxg5 {[%emt 0:00:00]} Rg8+ {[%emt 0:00:00]} 38. Kf4 {[%emt 0:00:01]} Rg4+ {[%emt 0:00:01]} 39. Ke3 {[%emt 0:00:01]} Rh4 {[%emt 0:00:02]} 40. Kf3 {[%emt 0:00:08]} Rxh2 {[%emt 0:00:03]} 41. Kg3 {[%emt 0:00:00]} Rh1 {[%emt 0:00:01] Jhhonnyy gibt auf Jhhonnyy gibt auf Jhhonnyy gibt auf (Lag: Av=0.34s, max=0.5s) (Lag: Av=0.34s, max=0.5s) (Lag: Av=0.34s, max=0.5s)} 0-1

[Event "397 Stay Safe Play From Home series"]
[Site "Emanuel Lasker Arena"]
[Date "2020.08.20"]
[Round "2"]
[White "Stefanone"]
[Black "Fischer_11"]
[Result "1-0"]
[WhiteElo "1920"]
[BlackElo "2044"]
[Annotator "NA"]
[PlyCount "141"]
[EventDate "2020.08.20"]
[EventType "swiss (blitz)"]

1. d4 {[%emt 0:00:01]} e5 {[%emt 0:00:01]} 2. e3 {[%emt 0:00:00]} exd4 {[%emt 0:00:01]} 3. exd4 {[%emt 0:00:00]} d5 {[%emt 0:00:00]} 4. f4 {[%emt 0:00:00]} Nf6 {[%emt 0:00:00]} 5. Nf3 {[%emt 0:00:00]} Be7 {[%emt 0:00:00]} 6. c3 {[%emt 0:00:00]} O-O {[%emt 0:00:00]} 7. Bd3 {[%emt 0:00:00]} Ne4 {[%emt 0:00:01]} 8. Ne5 {[%emt 0:00:01]} f6 {[%emt 0:00:01]} 9. Bxe4 {[%emt 0:00:01]} dxe4 {[%emt 0:00:01]} 10. Qb3+ {[%emt 0:00:00]} Kh8 {[%emt 0:00:02]} 11. Nf7+ {[%emt 0:00:00]} Rxf7 {[%emt 0:00:01]} 12. Qxf7 {[%emt 0:00:00]} Nc6 {[%emt 0:00:01]} 13. Qh5 {[%emt 0:00:01]} g6 {[%emt 0:00:01]} 14. Qe2 {[%emt 0:00:00]} Bd7 {[%emt 0:00:02]} 15. Nd2 {[%emt 0:00:01]} Bd6 {[%emt 0:00:01]} 16. O-O {[%emt 0:00:01]} f5 {[%emt 0:00:02]} 17. Nc4 {[%emt 0:00:01]} Be7 {[%emt 0:00:01]} 18. Ne5 {[%emt 0:00:01]} Bf6 {[%emt 0:00:01]} 19. Nf7+ {[%emt 0:00:02]} Kg7 {[%emt 0:00:03]} 20. Nxd8 {[%emt 0:00:01]} Rxd8 {[%emt 0:00:00]} 21. Be3 {[%emt 0:00:01]} Be6 {[%emt 0:00:01]} 22. b3 {[%emt 0:00:01]} a6 {[%emt 0:00:02]} 23. Rfd1 {[%emt 0:00:01]} b6 {[%emt 0:00:01]} 24. h3 {[%emt 0:00:01]} b5 {[%emt 0:00:01]} 25. g4 {[%emt 0:00:01]} Na5 {[%emt 0:00:02]} 26. Rac1 {[%emt 0:00:02]} c6 {[%emt 0:00:01]} 27. gxf5 {[%emt 0:00:01]} gxf5 {[%emt 0:00:01]} 28. Kh2 {[%emt 0:00:00]} Kf7 {[%emt 0:00:01]} 29. Rg1 {[%emt 0:00:03]} Rg8 {[%emt 0:00:00]} 30. Rxg8 {[%emt 0:00:01]} Kxg8 {[%emt 0:00:00]} 31. Rg1+ {[%emt 0:00:01]} Kf7 {[%emt 0:00:01]} 32. Qg2 {[%emt 0:00:00]} Ke7 {[%emt 0:00:02]} 33. Bf2 {[%emt 0:00:03]} Nb7 {[%emt 0:00:02]} 34. c4 {[%emt 0:00:01]} bxc4 {[%emt 0:00:01]} 35. bxc4 {[%emt 0:00:00]} Bxc4 {[%emt 0:00:00]} 36. Rc1 {[%emt 0:00:02]} Bb5 {[%emt 0:00:01]} 37. Be3 {[%emt 0:00:01]} Nd6 {[%emt 0:00:01]} 38. Qc2 {[%emt 0:00:01]} Nc4 {[%emt 0:00:00]} 39. Qxc4 {[%emt 0:00:04]} Bxc4 {[%emt 0:00:01]} 40. Rxc4 {[%emt 0:00:00]} Kd6 {[%emt 0:00:01]} 41. Ra4 {[%emt 0:00:01]} Kd5 {[%emt 0:00:00]} 42. Kg3 {[%emt 0:00:01]} h5 {[%emt 0:00:02]} 43. Rxa6 {[%emt 0:00:01]} h4+ {[%emt 0:00:00]} 44. Kf2 {[%emt 0:00:01]} Bxd4 {[%emt 0:00:01]} 45. Bxd4 {[%emt 0:00:02]} Kxd4 {[%emt 0:00:00]} 46. Rxc6 {[%emt 0:00:01]} Kd5 {[%emt 0:00:00]} 47. Rh6 {[%emt 0:00:01]} Kd4 {[%emt 0:00:01]} 48. Rxh4 {[%emt 0:00:01]} e3+ {[%emt 0:00:00]} 49. Ke2 {[%emt 0:00:00]} Ke4 {[%emt 0:00:01]} 50. Rh8 {[%emt 0:00:00]} Kxf4 {[%emt 0:00:00]} 51. h4 {[%emt 0:00:00]} Ke4 {[%emt 0:00:01]} 52. h5 {[%emt 0:00:00]} f4 {[%emt 0:00:00]} 53. h6 {[%emt 0:00:00]} f3+ {[%emt 0:00:00]} 54. Kf1 {[%emt 0:00:01]} e2+ {[%emt 0:00:00]} 55. Kf2 {[%emt 0:00:01]} Kd3 {[%emt 0:00:01]} 56. Re8 {[%emt 0:00:00]} Kd2 {[%emt 0:00:00]} 57. Kxf3 {[%emt 0:00:01]} e1=Q {[%emt 0:00:01]} 58. Rxe1 {[%emt 0:00:00]} Kxe1 {[%emt 0:00:00]} 59. h7 {[%emt 0:00:00]} Kd2 {[%emt 0:00:00]} 60. h8=Q {[%emt 0:00:00]} Kd3 {[%emt 0:00:00]} 61. a4 {[%emt 0:00:00]} Kc2 {[%emt 0:00:00]} 62. a5 {[%emt 0:00:00]} Kb3 {[%emt 0:00:00]} 63. a6 {[%emt 0:00:00]} Kc4 {[%emt 0:00:00]} 64. a7 {[%emt 0:00:00]} Kd5 {[%emt 0:00:00]} 65. a8=Q+ {[%emt 0:00:00]} Ke6 {[%emt 0:00:00]} 66. Qag8+ {[%emt 0:00:01]} Kf5 {[%emt 0:00:00]} 67. Qhh7+ {[%emt 0:00:00]} Ke5 {[%emt 0:00:01]} 68. Qg5+ {[%emt 0:00:01]} Kd6 {[%emt 0:00:00]} 69. Qhh6+ {[%emt 0:00:01]} Kc7 {[%emt 0:00:00]} 70. Qgg7+ {[%emt 0:00:01]} Kd8 {[%emt 0:00:00]} 71. Qhh8# {[%emt 0:00:01] (Lag: Av=0.42s, max=1.2s) (Lag: Av=0.42s, max=1.2s) (Lag: Av=0.42s, max=1.2s)} 1-0

[Event "397 Stay Safe Play From Home series"]
[Site "Emanuel Lasker Arena"]
[Date "2020.08.20"]
[Round "2"]
[White "Haris kollari 13"]
[Black "Yuriko"]
[Result "1/2-1/2"]
[WhiteElo "1722"]
[BlackElo "1992"]
[Annotator "NA"]
[PlyCount "104"]
[EventDate "2020.08.20"]
[EventType "swiss (blitz)"]

1. e4 {[%emt 0:00:01]} c5 {[%emt 0:00:02]} 2. f4 {[%emt 0:00:01]} e6 {[%emt 0:00:01]} 3. Nf3 {[%emt 0:00:00]} a6 {[%emt 0:00:00]} 4. d4 {[%emt 0:00:01]} cxd4 {[%emt 0:00:00]} 5. Nxd4 {[%emt 0:00:00]} Nc6 {[%emt 0:00:00]} 6. Nc3 {[%emt 0:00:01]} d5 {[%emt 0:00:01]} 7. e5 {[%emt 0:00:01]} Nge7 {[%emt 0:00:01]} 8. Be3 {[%emt 0:00:01]} Nxd4 {[%emt 0:00:00]} 9. Bxd4 {[%emt 0:00:01]} Nc6 {[%emt 0:00:00]} 10. Bf2 {[%emt 0:00:01]} Bb4 {[%emt 0:00:00]} 11. a3 {[%emt 0:00:02]} Ba5 {[%emt 0:00:01]} 12. b4 {[%emt 0:00:04]} Bc7 {[%emt 0:00:01]} 13. Bd3 {[%emt 0:00:02]} O-O {[%emt 0:00:04]} 14. O-O {[%emt 0:00:01]} f5 {[%emt 0:00:00]} 15. exf6 {[%emt 0:00:02]} Qxf6 {[%emt 0:00:01]} 16. Ne2 {[%emt 0:00:02]} Rd8 {[%emt 0:00:03]} 17. Kh1 {[%emt 0:00:01]} b6 {[%emt 0:00:00]} 18. g3 {[%emt 0:00:01]} b5 {[%emt 0:00:01]} 19. Ng1 {[%emt 0:00:03]} e5 {[%emt 0:00:02]} 20. fxe5 {[%emt 0:00:02]} Bxe5 {[%emt 0:00:00]} 21. Rb1 {[%emt 0:00:01]} Qe7 {[%emt 0:00:03]} 22. Qf3 {[%emt 0:00:02]} Bb7 {[%emt 0:00:01]} 23. Nh3 {[%emt 0:00:02]} Nd4 {[%emt 0:00:00]} 24. Bxd4 {[%emt 0:00:03]} Bxd4 {[%emt 0:00:00]} 25. Rbe1 {[%emt 0:00:02]} Be5 {[%emt 0:00:01]} 26. Rxe5 {[%emt 0:00:02]} Qxe5 {[%emt 0:00:03]} 27. Qf7+ {[%emt 0:00:00]} Kh8 {[%emt 0:00:01]} 28. Qxb7 {[%emt 0:00:01]} Qh5 {[%emt 0:00:04]} 29. Ng1 {[%emt 0:00:02]} Rdb8 {[%emt 0:00:03]} 30. Qxd5 {[%emt 0:00:01]} Qxd5+ {[%emt 0:00:01]} 31. Nf3 {[%emt 0:00:01]} Rf8 {[%emt 0:00:01]} 32. Kg2 {[%emt 0:00:01]} Rae8 {[%emt 0:00:00]} 33. Rf2 {[%emt 0:00:01]} Qd4 {[%emt 0:00:01]} 34. Nxd4 {[%emt 0:00:03]} Rxf2+ {[%emt 0:00:01]} 35. Kxf2 {[%emt 0:00:01]} h6 {[%emt 0:00:00]} 36. Nf5 {[%emt 0:00:01]} g6 {[%emt 0:00:01]} 37. Nxh6 {[%emt 0:00:01]} Rf8+ {[%emt 0:00:01]} 38. Kg2 {[%emt 0:00:01]} Kg7 {[%emt 0:00:00]} 39. Ng4 {[%emt 0:00:01]} Rd8 {[%emt 0:00:00]} 40. Ne5 {[%emt 0:00:01]} g5 {[%emt 0:00:00]} 41. Nc6 {[%emt 0:00:01]} Kf6 {[%emt 0:00:00]} 42. Nxd8 {[%emt 0:00:01]} Ke7 {[%emt 0:00:00]} 43. Nb7 {[%emt 0:00:01]} Kd7 {[%emt 0:00:01]} 44. Nc5+ {[%emt 0:00:00]} Kc6 {[%emt 0:00:00]} 45. Nxa6 {[%emt 0:00:00]} Kb6 {[%emt 0:00:00]} 46. Nc5 {[%emt 0:00:00]} Kc6 {[%emt 0:00:00]} 47. Bxb5+ {[%emt 0:00:01]} Kb6 {[%emt 0:00:00]} 48. Ne4 {[%emt 0:00:00]} Kxb5 {[%emt 0:00:00]} 49. Nxg5 {[%emt 0:00:01]} Kc6 {[%emt 0:00:01]} 50. h4 {[%emt 0:00:00]} Kd5 {[%emt 0:00:00]} 51. h5 {[%emt 0:00:00]} Ke5 {[%emt 0:00:01]} 52. g4 {[%emt 0:00:00]} Kf6 {[%emt 0:00:00] Time Time Time (Lag: Av=0.56s, max=1.3s) (Lag: Av=0.56s, max=1.3s) (Lag: Av=0.56s, max=1.3s)} 1/2-1/2